[Event "15th ETC"]
[Site "Gothenburg SWE"]
[Date "2005.08.06"]
[Round "8"]
[White "D'Amore,C"]
[Black "Kelly,B"]
[Result "0-1"]
[WhiteElo "2463"]
[BlackElo "2504"]

1.Nf3 d5 2.g3 Nf6 3.Bg2 c6 4.d3 Bg4 5.b3 e6 6.Bb2 a5 7.a3 Nbd7 8.Nbd2 Be7
9.O-O O-O 10.h3 Bh5 11.c4 Qb6 12.Ra2 Rfd8 13.Qa1 Qa6 14.Rc1 Bd6 15.g4 Bg6
16.Ne5 Nxe5 17.Bxe5 Bxe5 18.Qxe5 Nd7 19.Qe3 Re8 20.Rb2 h6 21.f4 f6 22.Nf3 Bf7
23.g5 hxg5 24.fxg5 Qb6 25.c5 Qd8 26.b4 axb4 27.Rxb4 Rxa3 28.Rxb7 Bh5 29.Nd4 Qc8
30.Rcb1 Ra1 31.gxf6 Qxb7 32.Rxa1 Nxf6 33.Rf1 Bf7 34.Kh1 Qd7 35.Nf3 e5 36.Nxe5 Qe6
37.d4 Nd7 38.Qf4 Nxe5 39.dxe5 Bg6 40.Qg5 Be4 41.Bxe4 Qxh3+ 42.Kg1 dxe4 43.Rd1 Qc3
44.Rd8 Qe1+ 45.Kg2 Qxe2+ 46.Kg1 Qe1+ 47.Kg2 Rxd8 48.Qxd8+ Kh7 49.Qg5 Qe2+
50.Kg1 Qd1+ 51.Kf2 Qf3+ 52.Kg1 e3 53.e6 e2  0-1

[Event "Ave-Kontakt Cup IMB"]
[Site "Olomouc CZE"]
[Date "2005.08.07"]
[Round "6"]
[White "Jasim,A"]
[Black "Ganaus,H"]
[Result "1-0"]
[WhiteElo "2318"]
[BlackElo "2340"]

1.Nf3 d5 2.g3 Bg4 3.Bg2 Nd7 4.c4 e6 5.cxd5 exd5 6.O-O Ngf6 7.d3 c6 8.Nc3 Bc5
9.Na4 Bd6 10.Qb3 Nb6 11.h3 Bxf3 12.Bxf3 O-O 13.Bd2 Re8 14.Ba5 Nfd7 15.Rfe1 Bc7
16.Bc3 Qg5 17.Rad1 h5 18.h4 Qg6 19.Bg2 Re6 20.e4 Qg4 21.Nxb6 Bxb6 22.exd5 cxd5
23.Qxd5 Qxg3 24.d4 Qxh4 25.Rxe6  1-0

[Event "Inline Czechia Cup IMA"]
[Site "Olomouc CZE"]
[Date "2005.08.07"]
[Round "7"]
[White "Mohamed,Ho"]
[Black "Savage,B"]
[Result "1/2-1/2"]
[WhiteElo "2230"]
[BlackElo "2300"]

1.Nf3 d5 2.g3 Bg4 3.Bg2 c6 4.c4 e6 5.cxd5 exd5 6.O-O Bd6 7.Nc3 Nf6 8.d3 O-O
9.h3 Bxf3 10.Bxf3 Nbd7 11.Bg2 Re8 12.e4 dxe4 13.dxe4 Nc5 14.Qc2 Qe7 15.Re1 Be5
16.Na4 Bd4 17.Nxc5 Qxc5 18.Qxc5 Bxc5 19.Bg5 Rad8 20.Bxf6 gxf6 21.Rad1 Rd4
22.Rxd4 Bxd4 23.Re2 c5 24.b3 a5 25.Rc2 Re6 26.e5 b5 27.exf6 Rxf6 28.Bf1 Rb6
29.Kg2 Kf8 30.Bd3 h6 31.Re2 a4 32.bxa4 bxa4 33.Bc4 Rb4 34.Rc2 a3 35.f4 Rb2
36.Re2 Rb4 37.Rc2 Rb2 38.Re2 Rb1 39.Rc2 Rb4 40.Kf3 Rb2 41.Re2 Rb4  1/2-1/2

[Event "XV Open"]
[Site "La Pobla de Lillet ESP"]
[Date "2005.08.09"]
[Round "8"]
[White "Bautista Sanchez,J"]
[Black "Moskalenko,V"]
[Result "0-1"]
[WhiteElo "2250"]
[BlackElo "2534"]

1.Nf3 d5 2.g3 c6 3.Bg2 Bg4 4.d4 Nd7 5.Nbd2 Ngf6 6.c3 e6 7.h3 Bh5 8.O-O Be7
9.Re1 O-O 10.e4 Bg6 11.exd5 cxd5 12.Ne5 Nxe5 13.dxe5 Nd7 14.Nb3 Qc7 15.Qe2 a6
16.Bf4 Nb6 17.Be3 Nc4 18.Bd4 b5 19.f4 a5 20.Bf2 Rab8 21.Nd4 Bc5 22.Rac1 Rfc8
23.g4 Bxd4 24.Bxd4 a4 25.Rf1 Be4 26.Bxe4 dxe4 27.Rf2 Qc6 28.Re1 b4 29.Qxe4 Qxe4
30.Rxe4 b3 31.axb3 Rxb3 32.Ree2 Rcb8 33.Bc5 Rxb2 34.Re4 a3 35.Rxc4 a2 36.Ra4 Rb1+
37.Kg2 a1=Q 38.Rxa1 Rxa1 39.Re2 h6 40.Kg3 Rc8 41.Bb4  0-1

[Event "Open"]
[Site "Olomouc CZE"]
[Date "2005.08.09"]
[Round "7"]
[White "Gourlay,I"]
[Black "Trichkov,V"]
[Result "1/2-1/2"]
[WhiteElo "2361"]
[BlackElo "2319"]

1.Nf3 d5 2.g3 Nf6 3.Bg2 c6 4.b3 Bf5 5.Bb2 Nbd7 6.d3 e6 7.Nbd2 Bc5 8.O-O h6
9.e4 dxe4 10.dxe4 Bh7 11.Qe2 O-O 12.e5 Nd5 13.Ne4 Bxe4 14.Qxe4 Qb6 15.a3 a5
16.Qg4 Rfd8 17.Rad1 Ne7 18.Nd2 Nf5 19.Nc4 Qc7 20.Be4 b5 21.Nd6 Nxe5 22.Bxe5 Bxd6
23.Bb2 Bf8 24.Bxf5 exf5 25.Qxf5 Rd5 26.Qf3  1/2-1/2

[Event "Open"]
[Site "Olomouc CZE"]
[Date "2005.08.09"]
[Round "7"]
[White "Venkatesh,M"]
[Black "Pokorny,M"]
[Result "1-0"]
[WhiteElo "2435"]
[BlackElo "2217"]

1.Nf3 d5 2.g3 Bf5 3.Bg2 c6 4.d3 Nf6 5.O-O e6 6.Nbd2 Be7 7.Ne5 h6 8.e4 Bh7
9.Qe2 O-O 10.f4 Nbd7 11.Nxd7 Nxd7 12.Kh1 Bf6 13.e5 Be7 14.g4 Qc7 15.Nf3 Rae8
16.Bd2 f6 17.Rae1 fxe5 18.fxe5 c5 19.g5 hxg5 20.Bxg5 Qd8 21.h4 Bf5 22.Bxe7 Qxe7
23.Ng5 g6 24.c4 d4 25.Qf3 Kg7 26.Qg3 Rh8 27.Kg1 Ref8 28.Bxb7 Nb6 29.Bg2 Na4
30.Re2 Rb8 31.Rff2 Rbf8 32.Bc6 Nb6 33.Rf4 Qc7 34.Rxf5 Qxc6 35.Rf6  1-0

[Event "92nd ch-GBR"]
[Site "Douglas IOM"]
[Date "2005.08.10"]
[Round "9"]
[White "De Coverly,R"]
[Black "Stone,A"]
[Result "1/2-1/2"]
[WhiteElo "2086"]
[BlackElo "2265"]

1.Nf3 d5 2.g3 Nf6 3.Bg2 Bf5 4.c4 c6 5.b3 h6 6.Bb2 e6 7.O-O Be7 8.d3 O-O 9.Nbd2 Nbd7
10.a3 a5 11.Ra2 a4 12.b4 Bh7 13.Qa1 Qb6 14.c5 Qd8 15.Ne5 Nxe5 16.Bxe5 Ne8  1/2-1/2

[Event "Stork YM"]
[Site "Hengelo NED"]
[Date "2005.08.11"]
[Round "7"]
[White "Barnaure,V"]
[Black "Baramidze,D"]
[Result "1/2-1/2"]
[WhiteElo "2445"]
[BlackElo "2535"]

1.Nf3 d5 2.g3 g6 3.Bg2 Bg7 4.d4 c5 5.O-O cxd4 6.Nxd4 Nc6 7.Nxc6 bxc6 8.e4 e6
9.exd5 cxd5 10.c4 Ne7 11.Nc3 O-O 12.cxd5 Nxd5 13.Nxd5 exd5 14.Qxd5 Qxd5 15.Bxd5 Rb8
16.Be3 Rxb2 17.Rab1 Rd8 18.Rxb2 Bxb2 19.Bb3 a6 20.f3  1/2-1/2

[Event "Open"]
[Site "Olomouc CZE"]
[Date "2005.08.11"]
[Round "9"]
[White "Karavade,E"]
[Black "Aepfler,C"]
[Result "1/2-1/2"]
[WhiteElo "2370"]
[BlackElo "2268"]

1.Nf3 d5 2.g3 Nf6 3.Bg2 e6 4.O-O Be7 5.c4 O-O 6.d4 dxc4 7.Qc2 a6 8.Qxc4 b5
9.Qc2 Bb7 10.Bf4 Nd5 11.Nbd2 Nxf4 12.gxf4 Nd7 13.Nb3 Rc8 14.Rfd1 c5 15.dxc5 Bxc5
16.Nxc5 Rxc5 17.Qxc5 Nxc5 18.Rxd8 Rxd8 19.Rc1 Rc8 20.Ne5 Na4 21.Rxc8+ Bxc8
22.Nd3 Kf8 23.Kf1 Ke7 24.Ke1 f6 25.Kd2 Kd6 26.b3 Nc5 27.b4 Nxd3 28.Kxd3 Bd7
29.a3 Bc6 30.Bh3 Bb7 31.Kd4 Bc6 32.Kd3 Bb7 33.Kd4 Bc6  1/2-1/2

[Event "FSIMC August"]
[Site "Budapest HUN"]
[Date "2005.08.12"]
[Round "7"]
[White "Kaposztas,M"]
[Black "Eperjesi,L"]
[Result "1/2-1/2"]
[WhiteElo "2260"]
[BlackElo "2259"]

1.Nf3 d5 2.g3 c6 3.Bg2 Bg4 4.O-O Nd7 5.d3 e6 6.Nbd2 Ngf6 7.b3 Bd6 8.Bb2 O-O
9.c4 a5 10.a3 Re8 11.Rc1 h6 12.Rc2 Qb8 13.Qa1 b5  1/2-1/2

[Event "American Continental"]
[Site "Buenos Aires ARG"]
[Date "2005.08.13"]
[Round "8"]
[White "Perez Cascella,J"]
[Black "Vera,R"]
[Result "0-1"]
[WhiteElo "2209"]
[BlackElo "2490"]

1.Nf3 d5 2.g3 c6 3.Bg2 Bg4 4.O-O e6 5.d3 Bd6 6.Nbd2 Ne7 7.e4 O-O 8.d4 Nd7
9.h3 Bh5 10.Re1 Bc7 11.c3 Re8 12.Nf1 a5 13.Bg5 f6 14.Bd2 a4 15.exd5 exd5
16.Qc1 Qb8 17.Ne3 b5 18.Nh4 Nb6 19.Nef5 Qc8 20.Bf4 Nxf5 21.Rxe8+ Bxe8 22.Bxc7 Qxc7
23.Nxf5 Bg6 24.Ne3 Re8 25.b3 Be4 26.c4 dxc4 27.bxc4 bxc4 28.Nxc4 Bxg2 29.Kxg2 Nd5
30.Qc2 Qb7 31.Rd1 Qb4 32.Rd3 Qe1 33.Qd2 Qb1 34.a3 Re1 35.Nb2 Rg1+ 36.Kf3 Qf1
37.Qe2 Rxg3+  0-1

[Event "9th Open"]
[Site "Genova ITA"]
[Date "2005.08.13"]
[Round "7"]
[White "Aldrovandi,C"]
[Black "Sanchez,Joseph"]
[Result "0-1"]
[WhiteElo "2251"]
[BlackElo "2452"]

1.Nf3 d5 2.g3 Bg4 3.Bg2 Nf6 4.c4 c6 5.Ne5 Bh5 6.cxd5 cxd5 7.Nc3 Nc6 8.Qa4 Qc7
9.d4 e6 10.Bf4 Qb6 11.Nxc6 bxc6 12.O-O Be7 13.Qc2 O-O 14.e3 Nd7 15.Na4 Qb7
16.e4 Bg6 17.Rac1 Rac8 18.b3 c5 19.dxc5 Nxc5 20.Nxc5 Rxc5 21.Qe2 dxe4 22.Rxc5 Bxc5
23.Be3 Bxe3 24.Qxe3 Rd8 25.Re1 f5 26.Bf1 Bf7 27.Rc1 h6 28.Qc5 Rd2 29.Qa5 Rd5
30.Qe1 Qd7 31.a4 Kh7 32.a5 Bh5 33.b4 Rd3 34.Be2 Bxe2 35.Qxe2 Qb5 36.Qe1 Qd5
37.a6 Qb5 38.Ra1 Rd4 39.Ra5 Qxb4 40.Qxb4 Rxb4 41.g4 Kg6 42.h4 Kf6 43.Kg2  0-1

[Event "ch-AUT Qualifier"]
[Site "Gmunden AUT"]
[Date "2005.08.13"]
[Round "1"]
[White "Ennsberger,U"]
[Black "Ferrari,J"]
[Result "1-0"]
[WhiteElo "2280"]
[BlackElo "2139"]

1.Nf3 d5 2.g3 c5 3.Bg2 Nc6 4.c4 e6 5.O-O Nf6 6.cxd5 exd5 7.d4 Be7 8.Nc3 cxd4
9.Nxd4 O-O 10.Be3 Re8 11.Rc1 Bg4 12.h3 Be6 13.Nxc6 bxc6 14.Na4 Qd7 15.Kh2 Rab8
16.Bc5 Ne4 17.Bxe4 dxe4 18.Qxd7 Bxd7 19.Bxe7 Rxe7 20.b3 f5 21.Rfd1 Be8 22.Rd6 Rb5
23.Kg2 Ree5 24.e3 Kf7 25.Rd4 Ke7 26.Rc2 Red5 27.Nc3 Rdc5 28.b4 Rxc3 29.Rxc3 a5
30.Rc5 axb4 31.Rxb5 cxb5 32.Rxb4 Kd6 33.Rd4+ Kc5 34.a3 Bc6 35.Kf1 Bd5 36.Ke2 g5
37.Kd2 h5 38.h4 gxh4 39.gxh4 f4 40.Rxd5+ Kxd5 41.exf4 Ke6 42.Ke3 Kf5 43.f3 exf3
44.Kxf3 Ke6 45.Ke4 Kf6 46.f5 Ke7 47.Ke5 Kf7 48.f6 Kf8 49.Kf5  1-0

[Event "ch-AUT Qualifier"]
[Site "Gmunden AUT"]
[Date "2005.08.13"]
[Round "1"]
[White "Baumgartner,H"]
[Black "Nickl,K"]
[Result "1/2-1/2"]
[WhiteElo "2306"]
[BlackElo "2175"]

1.Nf3 d5 2.g3 Nf6 3.Bg2 c6 4.O-O Bf5 5.d3 h6 6.b3 e6 7.Bb2 Be7 8.Nbd2 O-O
9.c4 Nbd7 10.Rc1 Rc8 11.Rc2 Qa5 12.Qc1 Rfd8 13.a3 Qc7 14.Qa1 a5 15.cxd5 exd5
16.Nd4 Bh7 17.Bh3 Ra8 18.Bf5 Re8 19.N2f3 Qd8 20.e3 Bf8 21.Rd1 Bxf5 22.Nxf5 g6
23.N5d4 Ng4 24.Re2 Nge5 25.Kg2 Bg7 26.Nh4 Qe7 27.h3 Nc5 28.e4 Nexd3 29.exd5 Nf4+
30.gxf4 Qxh4 31.Nf3 Bxb2 32.Qxb2 Qxf4 33.dxc6 bxc6 34.Rxe8+ Rxe8 35.Qc3 Ne6
36.Qxc6 Rb8 37.Qc3 g5 38.Re1 Qf5 39.Nd4 Nf4+ 40.Kh2 Qd5 41.Nf3 Qf5 42.Ng1 Qd5
43.Nf3 Qf5 44.Ra1  1/2-1/2

[Event "15th ch-SLO"]
[Site "Ptuj SLO"]
[Date "2005.08.13"]
[Round "2"]
[White "Tratar,M"]
[Black "Gruskovnjak,T"]
[Result "1-0"]
[WhiteElo "2419"]
[BlackElo "2293"]

1.Nf3 d5 2.g3 Nc6 3.d4 Nf6 4.Bg2 Bf5 5.O-O e6 6.c4 Be7 7.Nc3 dxc4 8.Ne5 Nxd4
9.Bxb7 Bc2 10.Qd2 Rb8 11.Bg2 Qd6 12.Nc6 Nxc6 13.Qxc2 O-O 14.Qa4 Nd4 15.Qxa7 Qe5
16.Bf4 Nxe2+ 17.Nxe2 Qxe2 18.Qxc7 Rbe8 19.Qe5 Qxe5 20.Bxe5 Nd5 21.Rfc1 Rc8
22.Bf1 f6 23.Bd4 c3 24.Bh3 Kf7 25.bxc3 Ba3 26.Rc2 Rc7 27.Bg2 Rfc8 28.Rb1 Bc5
29.Rcb2 Bxd4 30.cxd4 Rc1+ 31.Bf1 Rxb1 32.Rxb1 Nc3 33.Rb7+ Kg6 34.Ra7 Rd8
35.a4 Rxd4 36.a5 Rd1 37.Kg2 Rd2 38.Bc4 Ne4 39.Bxe6 Rxf2+ 40.Kg1 Re2 41.Bc4 Re1+
42.Kg2 f5 43.a6 Rc1 44.Bf7+ Kf6 45.Bb3 Ra1 46.Bd5 Nd6 47.Ra8 Ke5 48.Bf3 Ra2+
49.Kg1 g5 50.a7 g4 51.Bc6 h5 52.Kf1 Kd4 53.Rd8 Rxa7 54.Rxd6+ Kc5 55.Rf6 Ra1+
56.Kf2 Kd4 57.Rxf5 Ra2+ 58.Kg1 h4 59.Rf4+ Ke3 60.Re4+ Kd3  1-0

[Event "Masters"]
[Site "Abu Dhabi UAE"]
[Date "2005.08.14"]
[Round "1"]
[White "Karavade,E"]
[Black "Aleksandrov,A"]
[Result "0-1"]
[WhiteElo "2370"]
[BlackElo "2630"]

1.Nf3 d5 2.g3 Nf6 3.Bg2 e6 4.O-O Be7 5.c4 dxc4 6.Qa4+ c6 7.Qxc4 b5 8.Qc2 Bb7
9.d4 Nbd7 10.Nc3 Rc8 11.Rd1 O-O 12.Ne5 h6 13.a3 a5 14.Nxd7 Qxd7 15.Bf4 Nd5
16.Ne4 Nxf4 17.gxf4 Qc7 18.e3 c5 19.dxc5 Bxe4 20.Bxe4 Bxc5 21.Rac1 Qb8 22.Qe2 Be7
23.Rxc8 Rxc8 24.Rd7 Rc1+ 25.Kg2 Qe8 26.Qd2 Rc8 27.Rb7 f5 28.Bf3 b4 29.a4 Bf6
30.Rb5 Kh7 31.Rxa5 b3 32.Qd1 Rc2 33.Bh5 Qc8 34.Kg3 Rxb2 35.Rb5 Qc2 36.Qxc2 bxc2
37.Rc5 Be7 38.Rc6 Bb4 39.e4 Rb3+  0-1

[Event "ch-AUT Qualifier"]
[Site "Gmunden AUT"]
[Date "2005.08.14"]
[Round "2"]
[White "Egger,M"]
[Black "Hiermann,D"]
[Result "1/2-1/2"]
[WhiteElo "2054"]
[BlackElo "2263"]

1.Nf3 d5 2.g3 Nf6 3.Bg2 Nc6 4.d4 Bf5 5.c4 e6 6.O-O Be7 7.Nc3 O-O 8.Bg5 dxc4
9.Qa4 Nxd4 10.Nxd4 Qxd4 11.Bxb7 Rab8 12.Be3 Qe5 13.Qxa7 Bh3 14.Rfd1 Ng4 15.Bd4 Qh5
16.Bf3 Bd6 17.Ne4 Qg6 18.Bc3 Rbd8 19.Nxd6 cxd6 20.Ba5  1/2-1/2

[Event "Masters"]
[Site "Abu Dhabi UAE"]
[Date "2005.08.15"]
[Round "2"]
[White "Bogza,A"]
[Black "Momeni,E"]
[Result "1/2-1/2"]
[WhiteElo "2325"]
[BlackElo "2198"]

1.Nf3 d5 2.g3 Nf6 3.Bg2 g6 4.c4 c6 5.b3 Bg7 6.Bb2 O-O 7.O-O Bg4 8.h3 Bxf3
9.Bxf3 Nbd7 10.d3 e5 11.Bg2 Re8 12.cxd5 cxd5 13.Nd2 Rc8 14.b4 Qe7 15.Qb3 b5
16.a4 bxa4 17.Rxa4 Nb6 18.Ra2 Rc7 19.h4 Rec8 20.Rfa1 Rd8 21.Nf1 h5 22.b5 Ng4
23.Ba3 Qf6 24.Bf3 Bh6 25.Bb2 Rdd7 26.Ra6 Qf5 27.Kg2 Nxf2 28.Kxf2 e4 29.Rxb6 axb6
30.Ra8+ Bf8 31.Ne3 Qe6 32.Ba3 exf3 33.Rxf8+ Kg7 34.exf3 Qe5 35.Ra8 d4 36.Nc4 Qe6
37.Qb4 Re7 38.Qd2 Qh3 39.Bxe7 Rxe7 40.Ra3 Qh2+ 41.Kf1 Qh1+ 42.Kf2 Qh2+  1/2-1/2

[Event "American Continental"]
[Site "Buenos Aires ARG"]
[Date "2005.08.15"]
[Round "10"]
[White "Perez Cascella,J"]
[Black "Amura,C"]
[Result "1-0"]
[WhiteElo "2209"]
[BlackElo "2372"]

1.Nf3 d5 2.g3 Bf5 3.Bg2 e6 4.O-O h6 5.c4 c6 6.b3 Nf6 7.Bb2 Nbd7 8.d3 Be7
9.Nbd2 O-O 10.Qc2 Bh7 11.a3 a5 12.Bc3 b5 13.cxb5 cxb5 14.b4 a4 15.Qb2 Qb6
16.Bd4 Qa6 17.Ne5 Nxe5 18.Bxe5 Rfc8 19.Nf3 Ne8 20.Rac1 Bf6 21.Bxf6 Nxf6 22.Ne5 Qb6
23.g4 g5 24.h4 gxh4 25.g5 Ne8 26.Ng4 Bg6 27.Nxh6+ Kh7 28.Ng4 Qd8 29.f4 Rxc1
30.Rxc1 Rc8 31.Rc5 Rxc5 32.bxc5 Qa5 33.Ne3 Qe1+ 34.Nf1 Nc7 35.Bh3 Bh5 36.Qf6 b4
37.axb4 a3 38.Qh6+ Kg8 39.f5 a2 40.g6 Bxg6 41.fxg6 fxg6 42.Qxg6+ Kf8 43.Qf6+ Ke8
44.Bxe6 Nxe6 45.Qxe6+ Kf8 46.Qf5+ Kg7 47.Qg5+ Kh7 48.Qe7+ Kg6 49.Qe6+ Kg7
50.Qd7+ Kf6 51.Qc6+ Ke7 52.Qb7+ Ke6 53.Qa6+ Ke5 54.Qd6+  1-0

[Event "American Continental"]
[Site "Buenos Aires ARG"]
[Date "2005.08.15"]
[Round "10"]
[White "Patriarca,L"]
[Black "Alzate,D"]
[Result "1-0"]
[WhiteElo "2266"]
[BlackElo "2415"]

1.Nf3 d5 2.g3 Nf6 3.Bg2 e6 4.b3 Be7 5.Bb2 O-O 6.O-O Nbd7 7.c4 c6 8.d3 a5
9.Nc3 Nc5 10.Qc2 Re8 11.d4 Nce4 12.Ne5 Nxc3 13.Bxc3 Ra6 14.Rad1 Bf8 15.g4 Bd6
16.h3 Qc7 17.f4 c5 18.e3 b6 19.g5 Ne4 20.Bxe4 dxe4 21.Qxe4 cxd4 22.Bxd4 Bb7
23.Qc2 Raa8 24.Kh2 Rad8 25.Qb2 Ba8 26.Ng4 Bf8 27.Rg1 Be4 28.h4 Bg6 29.Qe2 Kh8
30.Ne5 Be4 31.h5 f6 32.gxf6 Rxd4 33.fxg7+ Bxg7 34.exd4 Bf5 35.Rg5 Bf8 36.Rdg1 Qd8
37.h6 Bxh6  1-0

[Event "Masters"]
[Site "Abu Dhabi UAE"]
[Date "2005.08.16"]
[Round "3"]
[White "Jasim,A"]
[Black "Coleman,J"]
[Result "1/2-1/2"]
[WhiteElo "2318"]
[BlackElo "2206"]

1.Nf3 d5 2.g3 Nf6 3.Bg2 Bf5 4.d3 c6 5.O-O e6 6.Nbd2 h6 7.c4 Nbd7 8.cxd5 cxd5
9.e4 dxe4 10.dxe4 Bxe4 11.Nxe4 Nxe4 12.Qe2 Nd6 13.Rd1 Be7 14.Bf4 Qb6 15.Qd2 Nf6
16.Be3 Qb5 17.Nd4 Qh5 18.Bf4 O-O 19.Qe2 Qxe2 20.Nxe2 Rfd8 21.Rac1 Rac8 22.Rxc8 Rxc8
23.Bxd6 Rd8 24.Nc3 Rxd6 25.Rxd6 Bxd6 26.Bxb7 Be5 27.Nb5 a5 28.b3 Kf8 29.Kf1 Nd7
30.Ke2 Nc5 31.Bc6 Na6 32.Bb7 Nc5 33.Bc6 Na6 34.Bb7 Nc5  1/2-1/2

[Event "Masters"]
[Site "Abu Dhabi UAE"]
[Date "2005.08.16"]
[Round "3"]
[White "Karavade,E"]
[Black "Al Sulaiti,G"]
[Result "1/2-1/2"]
[WhiteElo "2370"]
[BlackElo "2076"]

1.Nf3 d5 2.g3 Nf6 3.Bg2 c6 4.O-O Bg4 5.d3 Nbd7 6.Qe1 e5 7.e4 dxe4 8.dxe4 Bc5
9.Nbd2 O-O 10.h3 Bh5 11.a4 Bxf3 12.Bxf3 a5 13.Nc4 Qe7 14.Bd2 Qe6 15.Ne3 Qxh3
16.Bg2 Qh5 17.Bxa5 Bxe3 18.fxe3 Ng4 19.Rf3 Ndf6 20.Bb4 Rfe8 21.Rf5 Qh2+ 22.Kf1 g6
23.Rxf6 Nxf6 24.Qf2 Ng4 25.Qf3 Qh5 26.Ke1 Re6 27.Qe2 Qg5 28.Bh3 Nxe3 29.Bxe6 Qxg3+
30.Kd2 Rd8+ 31.Bd5 cxd5 32.Qxe3 Qg2+ 33.Qe2 dxe4+ 34.Ke1 Qg1+ 35.Qf1 Qe3+
36.Qe2 Qg1+ 37.Qf1 Qg5 38.Ke2 Qg4+ 39.Ke3 Qg3+ 40.Ke2 f5 41.Bc3 f4 42.Qf2 Qg4+
43.Kf1 e3 44.Qe2 f3 45.Qxe3 Qg2+ 46.Ke1 Qh1+ 47.Kf2 Qg2+ 48.Ke1 Qh1+ 49.Kf2 Qg2+  1/2-1/2

[Event "ch-AUT Qualifier"]
[Site "Gmunden AUT"]
[Date "2005.08.16"]
[Round "4"]
[White "Egger,M"]
[Black "Kreindl,H"]
[Result "0-1"]
[WhiteElo "2054"]
[BlackElo "2190"]

1.Nf3 d5 2.g3 Nf6 3.Bg2 Bf5 4.O-O e6 5.d3 h6 6.Nbd2 Be7 7.Qe1 O-O 8.e4 Bh7
9.Qe2 c5 10.e5 Nfd7 11.Re1 Nc6 12.Nf1 b5 13.a3 c4 14.d4 a5 15.h4 Qb6 16.Be3 b4
17.a4 b3 18.c3 Qd8 19.N1h2 Kh8 20.Nd2 Nb6 21.f4 Qd7 22.Bh3 Nd8 23.Ndf1 Nxa4
24.Bc1 Nb6 25.Ne3 a4 26.Qh5 a3 27.f5 Rg8 28.fxe6 fxe6 29.Qe2 axb2 30.Bxb2 Na4
31.Nf3 Nc6 32.Bg2 Bd3 33.Qd2 Ra7 34.g4 Rga8 35.g5 Nxb2 36.Rxa7 Rxa7 37.gxh6 Bf8
38.hxg7+ Bxg7 39.Ng4 Bf5 40.Nf6 Bxf6 41.Qh6+ Qh7 42.Qf8+ Qg8 43.Qh6+ Rh7
44.Qxf6+ Qg7 45.Ra1 Qxf6 46.exf6 Ra7 47.Rxa7 Nxa7 48.Ne5 Nd3 49.Nf7+ Kg8
50.Nh6+ Kf8 51.Nxf5 exf5 52.h5 b2 53.h6 b1=Q+ 54.Kh2 Qc1  0-1

[Event "Ada Open"]
[Site "Belgrade SCG"]
[Date "2005.08.17"]
[Round "3"]
[White "Mihajlovic,M"]
[Black "Raspopovic,S"]
[Result "1-0"]
[WhiteElo "2240"]
[BlackElo "2085"]

1.Nf3 d5 2.g3 Nf6 3.Bg2 Bg4 4.d3 e6 5.O-O c5 6.c4 Be7 7.Ne5 Bh5 8.cxd5 exd5
9.g4 Bxg4 10.Nxg4 Nxg4 11.Qa4+ Qd7 12.Qxd7+ Nxd7 13.Bxd5 Rb8 14.Bf4 Nge5
15.Nd2 Bd6 16.Bg3 Nb6 17.Bg2 Kd7 18.Ne4 Rhe8 19.Rac1 Bc7 20.Nxc5+ Kc8 21.d4 Nc6
22.Bxc7 Kxc7 23.Nxb7 Rxb7 24.Bxc6 Rxe2 25.Bf3+  1-0

[Event "15th ch-SLO"]
[Site "Ptuj SLO"]
[Date "2005.08.17"]
[Round "7"]
[White "Tratar,M"]
[Black "Borisek,J"]
[Result "1/2-1/2"]
[WhiteElo "2419"]
[BlackElo "2509"]

1.Nf3 d5 2.g3 Nf6 3.Bg2 c6 4.O-O Bg4 5.d4 Nbd7 6.Nbd2 e6 7.Re1 Be7 8.e4 O-O
9.c3 c5 10.exd5 Nxd5 11.Nc4 Bf6 12.Ne3 Nxe3 13.Bxe3 cxd4 14.cxd4 Nb6 15.Qb3 Bxf3
16.Bxf3 Qd7 17.Red1 Nd5 18.Bxd5 exd5 19.Rac1 Rac8 20.Qd3  1/2-1/2

[Event "ch-AUT Qualifier"]
[Site "Gmunden AUT"]
[Date "2005.08.18"]
[Round "6"]
[White "Baier,Pat"]
[Black "Hiermann,D"]
[Result "1/2-1/2"]
[WhiteElo "1957"]
[BlackElo "2263"]

1.Nf3 d5 2.g3 Nf6 3.Bg2 c6 4.O-O Bf5 5.d3 h6 6.Nbd2 Nbd7 7.Re1 e6 8.e4 Bh7
9.e5 Ng8 10.Nf1 Ne7 11.g4 Ng6 12.Ng3 Nh4 13.Nxh4 Qxh4 14.f4 Qd8 15.Kh1 Qc7
16.f5 O-O-O 17.Bf4 g5 18.Bd2 exf5 19.Bc3 Bg7 20.e6 Bxc3 21.exd7+ Qxd7 22.bxc3 fxg4
23.Nh5 f5 24.Nf6 Qd6 25.Nxh7 Rxh7 26.Qe2 h5 27.Qe6+ Qxe6 28.Rxe6 f4 29.Rae1 f3
30.Bf1 d4 31.cxd4 Rxd4 32.R1e4 Rxe4 33.Rxe4 Kd7 34.Kg1 Kd6 35.Kf2 c5 36.Re8 Rg7
37.Rh8 h4 38.Re8 Re7 39.Rg8 Re5 40.Rg6+ Kc7 41.c3 a6 42.Rg7+ Kb6 43.Rg6+ Ka5
44.Rd6 b5 45.d4 g3+ 46.hxg3 hxg3+ 47.Kxg3 Re1 48.Kf2 Rc1 49.a4 g4 50.axb5 axb5
51.Rg6 Rxc3 52.dxc5 Rxc5  1/2-1/2

[Event "Ada Open"]
[Site "Belgrade SCG"]
[Date "2005.08.19"]
[Round "5"]
[White "Mihajlovic,M"]
[Black "Brakus,D"]
[Result "1-0"]
[WhiteElo "2240"]
[BlackElo "2062"]

1.Nf3 d5 2.g3 c6 3.Bg2 Nf6 4.O-O Bf5 5.a4 g6 6.a5 Bg7 7.d3 O-O 8.c3 Re8 9.Qb3 Qc8
10.Nbd2 e5 11.e4 dxe4 12.dxe4 Nxe4 13.Nxe4 Bxe4 14.Ng5 Bd5 15.Bxd5 cxd5 16.Qxd5 Qd7
17.Qb3 Nc6 18.Rd1 Qc7 19.a6 b6 20.Qc4 Rac8 21.Qh4 h6 22.Ne4 Qe7 23.Bxh6 Qxh4
24.gxh4 Bxh6 25.Nf6+ Kf8 26.Nxe8 Kxe8 27.Rd6 Bf8 28.Rd5 Be7 29.Ra4 Rd8 30.Rb5 Rd2
31.Rc4 Kd7 32.Kf1 Kd6 33.f4 Rd5 34.fxe5+ Nxe5 35.Rd4 Rxd4 36.cxd4 Nd7 37.h5 gxh5
38.Rxh5 Bf6 39.b4 Bxd4 40.Ke2 Bc3 41.b5 Nf6 42.Rh8 Nd5 43.Ra8 Nc7 44.Rxa7 Nxb5
45.Rxf7 Be5 46.h4 Nd4+ 47.Kd3 Nc6 48.a7 Nxa7 49.Rxa7 Ke6 50.Ke4 Bg3 51.h5  1-0

[Event "41st Rubinstein Mem Open A"]
[Site "Polanica Zdroj POL"]
[Date "2005.08.19"]
[Round "1"]
[White "Gajewski,G"]
[Black "Lutz,E"]
[Result "1-0"]
[WhiteElo "2396"]
[BlackElo "2179"]

1.Nf3 d5 2.g3 c6 3.Bg2 Bg4 4.O-O Nd7 5.d3 e5 6.c4 Ngf6 7.cxd5 Nxd5 8.d4 e4
9.Ng5 e3 10.Ne4 exf2+ 11.Nxf2 Bh5 12.Nc3 Nxc3 13.bxc3 Bd6 14.Ne4 Be7 15.d5 O-O
16.d6 Bf6 17.Rb1 Re8 18.Rxb7 Rxe4 19.Bxe4 Nc5 20.Rb4 Bxc3 21.Bxh7+ Kxh7 22.Qc2+ Kg8
23.Qxc3 Qxd6 24.Rd4  1-0

[Event "41st Rubinstein Mem Open A"]
[Site "Polanica Zdroj POL"]
[Date "2005.08.19"]
[Round "1"]
[White "Kveinys,A"]
[Black "Czarnota,D"]
[Result "1-0"]
[WhiteElo "2510"]
[BlackElo "2238"]

1.Nf3 d5 2.g3 c6 3.Bg2 Nf6 4.O-O Bf5 5.d3 e6 6.Nfd2 Nbd7 7.e4 Bg6 8.Qe2 dxe4
9.dxe4 Bc5 10.Nb3 Bb6 11.N1d2 O-O 12.Nc4 Bc7 13.a4 e5 14.f3 Qe7 15.Be3 Rfd8
16.Rfd1 Nb6 17.Rxd8+ Rxd8 18.a5 Nc8 19.Bh3 Nd7 20.Bxd7 Qxd7 21.Nc5 Qh3 22.Nxb7 Re8
23.Qf1 Qe6 24.g4 h5 25.h3 f6 26.Rd1 hxg4 27.hxg4 Bxe4 28.Nc5  1-0

[Event "Masters"]
[Site "Abu Dhabi UAE"]
[Date "2005.08.20"]
[Round "6"]
[White "Jasim,A"]
[Black "Pourkashiyan,A"]
[Result "0-1"]
[WhiteElo "2318"]
[BlackElo "2261"]

1.Nf3 d5 2.g3 c6 3.Bg2 Nf6 4.O-O Bg4 5.c4 e6 6.d3 Be7 7.Nc3 Nbd7 8.cxd5 exd5
9.h3 Bh5 10.Qc2 O-O 11.e4 Nc5 12.g4 Bg6 13.Ne5 dxe4 14.dxe4 Nfd7 15.Rd1 Qc8
16.Nxg6 hxg6 17.f4 Ne6 18.g5 Qc7 19.Kh1 Rad8 20.f5 Nf4 21.Nd5 Nxd5 22.exd5 Qg3
23.Qb3 Qe5 24.Qe3 gxf5 25.dxc6 bxc6 26.Bxc6 Bc5 27.Qf4 Qe7 28.Bg2 Ne5 29.Rf1 g6
30.Bd2 Rd4 31.Qf2 Nd3 32.Qe3 Qd6 33.Qe2 Nf4 34.Bxf4 Rxf4 35.Rad1 Rxf1+ 36.Bxf1 Qg3
37.Qg2 Qe3 38.Bc4 Re8 39.b3 Bb6 40.h4 a5 41.Bd5 Rd8 42.h5 Rxd5 43.Rxd5 Qe1+
44.Kh2 Bc7+  0-1

[Event "Ada Open"]
[Site "Belgrade SCG"]
[Date "2005.08.20"]
[Round "6"]
[White "Rajkovic,Du"]
[Black "Grbic,M"]
[Result "1-0"]
[WhiteElo "2461"]
[BlackElo "2327"]

1.Nf3 d5 2.g3 g6 3.c4 c6 4.Bg2 Bg7 5.O-O e5 6.Qa4 d4 7.d3 Ne7 8.b4 O-O 9.Ba3 Qc7
10.Nbd2 h6 11.Rab1 Be6 12.b5 c5 13.b6 axb6 14.Qxa8 Na6 15.Qxf8+ Kxf8 16.Rb3 Nb8
17.Rfb1 Nc8 18.Ne1 Na6 19.Nc2 Bd7 20.Bc1 Bc6 21.Bh3 Bd7 22.Bf1 Ba4 23.R3b2 Qd8
24.Na3 Nc7 25.Bh3 Bd7 26.Bxd7 Qxd7 27.Nb5 Na6 28.a3 Nb8 29.a4 Nc6 30.Nb3 e4
31.a5 Nxa5 32.Nxa5 bxa5 33.Na7 Nd6 34.Bf4 exd3 35.exd3 Kg8 36.Bxd6 Qxd6 37.Rxb7 Qf6
38.Nc8 Qf3 39.Nd6 Qxd3 40.Re1 Bf8 41.Re8 Qf3 42.Rbb8 Kg7 43.Rxf8 Qd1+ 44.Kg2 Kf6
45.Rbe8 Kg5 46.Rxf7 Kh5 47.Rf4 g5 48.g4+ Kg6 49.Re6+ Kg7 50.Rf7+  1-0

[Event "Ada Open"]
[Site "Belgrade SCG"]
[Date "2005.08.20"]
[Round "6"]
[White "Mihajlovic,M"]
[Black "Peovic,M"]
[Result "1/2-1/2"]
[WhiteElo "2240"]
[BlackElo "2279"]

1.Nf3 d5 2.g3 g6 3.Bg2 Bg7 4.c4 dxc4 5.O-O Nf6 6.Qa4+ c6 7.Qxc4 O-O 8.d4 Be6
9.Qb4 Qb6 10.Qxe7 Bc4 11.Nc3 Re8 12.Qd6 Re6 13.Qf4 Bxe2 14.Re1 Bc4 15.Ne5 Nbd7
16.Bd2 Ba6 17.Bh3 Nxe5 18.dxe5 Nh5 19.Qe3 Qxe3 20.Rxe3 Rxe5 21.Rxe5 Bxe5
22.Re1 Bg7 23.Bg4 Nf6 24.Bf3 Re8 25.Rxe8+ Nxe8 26.b3 Nc7 27.a4 Ne6 28.b4 Nd4
29.Bd1 Bd3 30.Kg2 Bc2 31.Bxc2 Nxc2 32.b5 cxb5 33.Nxb5 a6 34.Nd6 b6 35.Kf3 Bd4
36.Ke2 Bc5 37.Ne4 Be7 38.Bc3 b5 39.axb5 axb5 40.Kd3 Nb4+ 41.Kd4 f5 42.Bxb4 Bxb4
43.Nf6+ Kg7 44.Ne8+ Kf7 45.Nc7 Ba5 46.Nxb5 Bb6+ 47.Ke5 Bxf2 48.Nd6+ Ke7 49.Nxf5+ gxf5
50.Kxf5 Kf7 51.h3 Bxg3  1/2-1/2

[Event "25th Open"]
[Site "Bratto ITA"]
[Date "2005.08.20"]
[Round "1"]
[White "Moncelli,G"]
[Black "Khenkin,I"]
[Result "0-1"]
[WhiteElo "2149"]
[BlackElo "2610"]

1.Nf3 d5 2.g3 Bg4 3.Bg2 Nd7 4.c4 e6 5.O-O Ngf6 6.b3 a5 7.Bb2 a4 8.d3 c6 9.Nbd2 Qa5
10.Qc2 Bb4 11.Nb1 O-O 12.a3 axb3 13.Qxb3 Bd6 14.Nc3 Nc5 15.Qb4 Qc7 16.cxd5 exd5
17.Nxd5 cxd5 18.Bxf6 Ra4 19.Qb2 gxf6 20.Qxf6 Qe7 21.Qh6 Ra6 22.Qe3 Qxe3 23.fxe3 Nb3
24.Ra2 Bxa3 25.Rb1 Nc1 26.Rc2 Rc8 27.Rxc8+ Bxc8 28.Nd4 Na2 29.Nb5 Bc1 30.Bxd5 Bxe3+
31.Kg2 Be6 32.Nc7 Nc3 33.Nxa6 Bxd5+  0-1